000 01147nam a2200313 a 4500
001 000037846
003 DO-SdBNP
005 20180327151125.0
007 000037846
008 100818s2008 dr 000 p spa d
020 _a9789945068856
040 _aBPMSU
_bspa
_cBPMSU
082 0 4 _a883
_bH766i, 2008
100 1 _aHomero
245 1 3 _aLa Ilíada /
_cHomero ; edición Isael Pérez, Hernan Mella Chavier.
260 _aMéxico, D.F. :
_bSantuario,
_c2008.
300 _a89 p. ;
_c22 cm.
490 1 _aSantuario
505 _aEl juicio de París --
_tLa cólera de Aquiles --
_tEl consejo --
_tParis y Manellao --
_tLas hazañas de Diómedes --
_tEl combate de Hécotor --
_tLa tregua --
_tOtra vez Aquiles --
_tEn la oscura noche --
_tNueva batalla--
_tPatroclo --
_tNuevas armas de Aquiles --
650 4 _aPOESÍA ÉPICA GRIEGA
650 4 _aLITERATURA GRIEGA
700 1 _aPérez, Isael
_eed.
700 1 _aMella Chavier, Hernan
_eed.
830 0 _aSantuario
910 _aValidado. Control de calidad MFF
942 _2ddc
_cBK
945 _aRemanejado para la BNPHU / 2018 VM
956 _aVMATEO
_b10
_c20160920
_lBPMSU
_h0069
999 _c7383
_d7383